[Event "Chess24 Banter Blitz Cup"]
[Site "chess24.com INT"]
[Date "2019.10.14"]
[Round "1.13"]
[White "Moussard, Jules"]
[Black "Grigoryan, Karen H."]
[Result "1-0"]
[WhiteTitle "GM"]
[BlackTitle "GM"]
[WhiteElo "2608"]
[BlackElo "2608"]
[WhiteFideId "642908"]
[BlackFideId "13301004"]
[EventDate "2019.09.25"]
[EventType "blitz"]

1. Nf3 g6 2. g3 Bg7 3. Bg2 e5 4. O-O d5 5. d3 Ne7 6. c4 dxc4 7. Qa4+ Nbc6 8.
Qxc4 O-O 9. Nc3 h6 10. Qa4 Bd7 11. Be3 Nd4 12. Qd1 Bc6 13. Rc1 Nxf3+ 14. Bxf3
Bxf3 15. exf3 Nf5 16. Ne4 b6 17. Rc6 Qd5 18. Rxc7 Qxa2 19. Qc2 Rfd8 20. Rd1 Qd5
21. b4 Qb5 22. Qb3 Qd5 23. Qc2 Nd4 24. Bxd4 exd4 25. Kg2 a5 26. bxa5 bxa5 27.
Rb1 a4 28. Nd2 a3 29. Nc4 Ra6 30. Ra1 Rf6 31. Qe2 Kh7 32. Qe4 Qh5 33. f4 Bf8 34.
Nxa3 Qa5 35. Qb7 Kg8 36. Nc2 Qd2 37. Ra7 Qxd3 38. Rxf7 Rb6 39. Rg7+ 1-0

[Event "Chess24 Banter Blitz Cup"]
[Site "chess24.com INT"]
[Date "2019.10.14"]
[Round "1.14"]
[White "Grigoryan, Karen H."]
[Black "Moussard, Jules"]
[Result "0-1"]
[WhiteTitle "GM"]
[BlackTitle "GM"]
[WhiteElo "2608"]
[BlackElo "2608"]
[WhiteFideId "13301004"]
[BlackFideId "642908"]
[EventDate "2019.09.25"]
[EventType "blitz"]

1. e4 g6 2. h4 Bg7 3. h5 d5 4. exd5 Qxd5 5. Nc3 Qa5 6. d4 Nc6 7. d5 Nb4 8. h6
Bf6 9. Bb5+ c6 10. dxc6 Bxc3+ 11. bxc3 Qxb5 12. cxb4 Qxb4+ 13. Bd2 Qe4+ 14. Kf1
bxc6 15. Nf3 Nf6 16. Bc3 Ba6+ 17. Kg1 Be2 18. Nd2 Qe6 19. Qe1 O-O 20. Rh3 Nd5
21. Nb3 Bg4 22. Rg3 Qxe1+ 23. Rxe1 Bd7 24. Nc5 Bf5 25. Bg7 Rfe8 26. c4 Nb6 27.
Rc3 f6 28. f3 Kf7 29. g4 Bd7 30. a4 Rad8 31. a5 Na8 32. Nb7 Rb8 33. a6 Bc8 34.
Nc5 Nc7 35. Rce3 Nxa6 36. Ne4 Bd7 37. g5 Bf5 38. gxf6 Bxe4 39. Rxe4 exf6 40. Ra1
Rxe4 41. fxe4 Nc5 42. Rxa7+ Rb7 43. Ra8 Nxe4 44. Rh8 Ng5 45. Rf8+ Ke7 46. Rxf6
Ne6 47. Rf2 Rb4 48. c5 Rg4+ 49. Kf1 Rf4 50. Rxf4 Nxf4 51. Kf2 Ne6 52. Ke3 Nxg7
53. hxg7 Kf7 54. Ke4 h5 55. Ke5 h4 56. Kf4 Kxg7 57. Kg4 g5 0-1

[Event "Chess24 Banter Blitz Cup"]
[Site "chess24.com INT"]
[Date "2019.10.14"]
[Round "1.15"]
[White "Moussard, Jules"]
[Black "Grigoryan, Karen H."]
[Result "0-1"]
[WhiteTitle "GM"]
[BlackTitle "GM"]
[WhiteElo "2608"]
[BlackElo "2608"]
[WhiteFideId "642908"]
[BlackFideId "13301004"]
[EventDate "2019.09.25"]
[EventType "blitz"]

1. e4 b6 2. d4 Bb7 3. Nc3 g6 4. h4 h5 5. Nf3 Bg7 6. Ng5 e6 7. Be3 d5 8. f3 Ne7
9. Qd2 Nd7 10. O-O-O a6 11. Kb1 c5 12. Ne2 Rc8 13. Nf4 O-O 14. exd5 Nxd5 15.
Nxd5 Bxd5 16. dxc5 bxc5 17. c4 Bc6 18. Bd3 Rb8 19. b3 Qf6 20. Kc1 Rfd8 21. Qc2
Qa1+ 22. Qb1 Qc3+ 23. Qc2 Qa5 24. Be4 Qa3+ 25. Kd2 Nf6+ 26. Ke2 Nxe4 27. Nxe4
Bxe4 28. fxe4 Bd4 29. Bg5 Rd7 30. g4 hxg4 31. h5 Qa5 32. hxg6 Qc7 33. Rxd4 cxd4
34. Bf6 fxg6 35. e5 d3+ 36. Qxd3 Rxd3 37. Rh8+ Kf7 38. Rh7+ Ke8 39. Rxc7 Rd7 40.
Rc6 Kf7 41. Rxa6 g5 42. c5 Rc8 43. b4 Kg6 44. c6 Rd5 45. a4 Kf5 46. Ra7 g3 47.
b5 g2 48. Kf2 Rd2+ 49. Kg1 Kg4 50. Rg7 Kf3 51. Rxg5 Rd1+ 52. Kh2 Rh1# 0-1

[Event "Chess24 Banter Blitz Cup"]
[Site "chess24.com INT"]
[Date "2019.10.14"]
[Round "1.16"]
[White "Grigoryan, Karen H."]
[Black "Moussard, Jules"]
[Result "0-1"]
[WhiteTitle "GM"]
[BlackTitle "GM"]
[WhiteElo "2608"]
[BlackElo "2608"]
[WhiteFideId "13301004"]
[BlackFideId "642908"]
[EventDate "2019.09.25"]
[EventType "blitz"]

1. b4 Nf6 2. Bb2 g6 3. g3 Bg7 4. Bg2 O-O 5. c4 d6 6. Nf3 e5 7. d3 Nc6 8. b5 Ne7
9. O-O Bg4 10. h3 Bd7 11. Nc3 Re8 12. a4 c6 13. Nd2 Qc7 14. a5 d5 15. a6 bxa6
16. Rxa6 Reb8 17. bxc6 Bxc6 18. cxd5 Nfxd5 19. Qa1 Nb4 20. Rxc6 Nexc6 21. Nc4
Rc8 22. Nb5 Qd7 23. f4 Nc2 24. Qd1 N2d4 25. Nxd4 exd4 26. Qa1 Rab8 27. e4 Nb4
28. Qd1 Na2 29. e5 Nc3 30. Qd2 a5 31. Nxa5 Qb5 32. Bxc3 dxc3 33. Qa2 c2 34. Nc4
Qb1 35. Qa3 Bf8 36. Qc3 Bb4 37. Qa1 Qxa1 38. Rxa1 Rxc4 39. dxc4 Bd2 0-1

[Event "Chess24 Banter Blitz Cup"]
[Site "chess24.com INT"]
[Date "2019.10.14"]
[Round "1.17"]
[White "Moussard, Jules"]
[Black "Grigoryan, Karen H."]
[Result "1-0"]
[WhiteTitle "GM"]
[BlackTitle "GM"]
[WhiteElo "2608"]
[BlackElo "2608"]
[WhiteFideId "642908"]
[BlackFideId "13301004"]
[EventDate "2019.09.25"]
[EventType "blitz"]

1. e4 a6 2. d4 b5 3. Nc3 Bb7 4. Bd3 e6 5. Nf3 c5 6. dxc5 Bxc5 7. O-O Ne7 8. Qe2
Ng6 9. Bg5 Qc7 10. Qd2 Nc6 11. Rfe1 Nce5 12. Nxe5 Nxe5 13. Rad1 O-O 14. h3 Rac8
15. a3 b4 16. Nb1 a5 17. Bf4 d6 18. axb4 axb4 19. Qe2 b3 20. cxb3 Qb6 21. Bc4
Qb4 22. Bd2 Qb6 23. Bc3 Kh8 24. Nd2 Rce8 25. Nf3 Ng6 26. Qd2 e5 27. b4 Bd4 28.
Nxd4 exd4 29. Qxd4 Qxd4 30. Rxd4 Ne5 31. Bf1 d5 32. exd5 Ng6 33. Rxe8 Rxe8 34.
d6 Rd8 35. d7 Nf8 36. Bb5 Ne6 37. Rd6 Kg8 38. Bd4 Nxd4 39. Rxd4 Kf8 40. Rd3 Ke7
41. Re3+ Kd6 42. Re8 Kc7 43. Rxd8 Kxd8 44. f3 Bd5 45. Kf2 f6 46. Ke3 g5 47. Kd4
Bb7 48. Kc5 h5 49. Bc6 1-0

[Event "Chess24 Banter Blitz Cup"]
[Site "chess24.com INT"]
[Date "2019.10.14"]
[Round "1.18"]
[White "Grigoryan, Karen H."]
[Black "Moussard, Jules"]
[Result "1-0"]
[WhiteTitle "GM"]
[BlackTitle "GM"]
[WhiteElo "2608"]
[BlackElo "2608"]
[WhiteFideId "13301004"]
[BlackFideId "642908"]
[EventDate "2019.09.25"]
[EventType "blitz"]

1. b4 g6 2. Bb2 Nf6 3. e4 Bg7 4. e5 Nd5 5. a3 d6 6. c4 Nb6 7. c5 Nd5 8. Nf3 Nc6
9. d4 dxe5 10. dxe5 Bg4 11. Bb5 O-O 12. Bxc6 bxc6 13. h3 Bxf3 14. Qxf3 a5 15.
bxa5 Rxa5 16. O-O Rxc5 17. Qe4 Qd7 18. Nd2 Rb8 19. Bd4 Ra5 20. Nf3 Ra4 21. Qc2
Rba8 22. Qb3 Qe6 23. Rfe1 h6 24. Bc5 Nf4 25. Qe3 Nd5 26. Qd2 Qf5 27. Nd4 Qf4 28.
Qxf4 Nxf4 29. Rad1 e6 30. Nxc6 Nd5 31. Rd3 Bf8 32. Bxf8 Kxf8 33. Ra1 R8a6 34.
Nd4 Rxa3 35. Raxa3 Rb6 36. Ra8+ Kg7 37. Rf3 Rb1+ 38. Kh2 Re1 39. Nc6 g5 40. Nd8
f5 41. exf6+ Nxf6 42. Ra7 Kg6 43. Rxc7 Nd5 44. Rc6 Nf4 45. g3 Nxh3 46. Kxh3 Re4
47. Kg2 Kh5 48. Nxe6 Re1 49. Ng7+ Kg4 50. Rc4+ 1-0

[Event "Chess24 Banter Blitz Cup"]
[Site "chess24.com INT"]
[Date "2019.10.14"]
[Round "1.19"]
[White "Moussard, Jules"]
[Black "Grigoryan, Karen H."]
[Result "1-0"]
[WhiteTitle "GM"]
[BlackTitle "GM"]
[WhiteElo "2608"]
[BlackElo "2608"]
[WhiteFideId "642908"]
[BlackFideId "13301004"]
[EventDate "2019.09.25"]
[EventType "blitz"]

1. e4 g6 2. d4 Bg7 3. Nc3 d6 4. h4 h5 5. Nf3 Bg4 6. Be3 e6 7. Qd2 Bxf3 8. gxf3
Ne7 9. O-O-O d5 10. Kb1 c6 11. Bd3 Nd7 12. Ne2 e5 13. c3 O-O 14. Rhg1 b5 15. Bc2
a5 16. f4 exd4 17. Bxd4 Nf6 18. Bxf6 Bxf6 19. e5 Bg7 20. f5 Nxf5 21. Bxf5 Qxh4
22. e6 fxe6 23. Bxg6 Rxf2 24. Qe3 Rf6 25. Bc2 Qf2 26. Qd3 Ra7 27. Nd4 b4 28.
Nxc6 Rc7 29. Rdf1 Qh2 30. Rxg7+ Rxg7 31. Rxf6 bxc3 32. Ne7+ Rxe7 33. Qg6+ 1-0

[Event "Chess24 Banter Blitz Cup"]
[Site "chess24.com INT"]
[Date "2019.10.14"]
[Round "1.20"]
[White "Grigoryan, Karen H."]
[Black "Moussard, Jules"]
[Result "1-0"]
[WhiteTitle "GM"]
[BlackTitle "GM"]
[WhiteElo "2608"]
[BlackElo "2608"]
[WhiteFideId "13301004"]
[BlackFideId "642908"]
[EventDate "2019.09.25"]
[EventType "blitz"]

1. b4 g6 2. Bb2 Nf6 3. g3 Bg7 4. Bg2 O-O 5. Nf3 a5 6. b5 d6 7. d4 c6 8. a4 cxb5
9. axb5 d5 10. Na3 Bf5 11. c4 dxc4 12. Nxc4 Be4 13. Ncd2 Bd5 14. O-O Nbd7 15.
Qb1 b6 16. e4 Bb7 17. d5 Nc5 18. Nd4 Qd7 19. Nc4 Qc7 20. Nc6 Bxc6 21. bxc6 Ra6
22. Be5 Qa7 23. Bd4 Ne8 24. Bxg7 Kxg7 25. e5 a4 26. d6 exd6 27. exd6 Nf6 28. c7
a3 29. Ra2 Nfd7 30. Qa1+ Kg8 31. Re1 b5 32. Ne5 Rxd6 33. Ng4 h5 34. Nh6+ Kh7 35.
Nxf7 Qxc7 36. Re7 Nb3 37. Nxd6+ Kh6 38. Qg7+ Kg5 39. h4+ Kg4 40. Qxg6# 1-0

[Event "Chess24 Banter Blitz Cup"]
[Site "chess24.com INT"]
[Date "2019.10.14"]
[Round "1.21"]
[White "Moussard, Jules"]
[Black "Grigoryan, Karen H."]
[Result "1-0"]
[WhiteTitle "GM"]
[BlackTitle "GM"]
[WhiteElo "2608"]
[BlackElo "2608"]
[WhiteFideId "642908"]
[BlackFideId "13301004"]
[EventDate "2019.09.25"]
[EventType "blitz"]

1. Nf3 Nf6 2. g3 g6 3. Bg2 Bg7 4. O-O O-O 5. d3 d6 6. Nbd2 e5 7. e4 Nc6 8. c3
Re8 9. Re1 a5 10. a4 d5 11. exd5 Nxd5 12. Nc4 Bf5 13. Nh4 Be6 14. Nf3 f6 15. h4
Qd7 16. h5 Rad8 17. hxg6 hxg6 18. Qc2 Bf7 19. Bd2 Nde7 20. Bf1 Bxc4 21. dxc4 f5
22. Be3 e4 23. Nh4 Ne5 24. Bg2 Qd3 25. Qb3 Qxc4 26. Qxb7 Rb8 27. Qa7 N7c6 28.
Qc5 Qxc5 29. Bxc5 Nd3 30. Ba3 Nxe1 31. Rxe1 Ne5 32. Re2 Red8 33. Bf1 Rd1 34. Kg2
Bf6 35. f4 Nc4 36. Nxg6 Kf7 37. Ne5+ Nxe5 38. fxe5 Bxe5 39. Rf2 Rg8 40. Bc4+ Kg7
41. Bxg8 Kxg8 42. Rxf5 Rd2+ 43. Kh3 Bd6 44. Rg5+ Kf7 45. Rg4 Bxa3 46. bxa3 Rd3
47. Rxe4 Rxc3 48. Re5 Rxa3 49. Rxa5 Rc3 50. Ra7 Rc6 51. a5 Ke6 52. a6 Kd7 53.
Ra8 Rc1 54. a7 Ra1 55. g4 Kc6 56. g5 Kb7 57. Rg8 Kxa7 58. g6 Ra3+ 59. Kg4 Ra4+
60. Kf5 Ra6 61. g7 Ra5+ 62. Ke6 Ra6+ 63. Kd7 Rd6+ 64. Kxc7 1-0

[Event "Chess24 Banter Blitz Cup"]
[Site "chess24.com INT"]
[Date "2019.10.14"]
[Round "1.22"]
[White "Grigoryan, Karen H."]
[Black "Moussard, Jules"]
[Result "1-0"]
[WhiteTitle "GM"]
[BlackTitle "GM"]
[WhiteElo "2608"]
[BlackElo "2608"]
[WhiteFideId "13301004"]
[BlackFideId "642908"]
[EventDate "2019.09.25"]
[EventType "blitz"]

1. e4 g6 2. Nc3 Bg7 3. h4 d6 4. h5 Nf6 5. h6 Bf8 6. d4 e6 7. Nf3 Be7 8. Bf4 O-O
9. Qe2 a6 10. O-O-O b5 11. e5 Nfd7 12. d5 b4 13. Ne4 exd5 14. exd6 Bb7 15. dxe7
Qxe7 16. Neg5 Qf6 17. Bxc7 Nc6 18. Rxd5 Rfe8 19. Qd2 Nf8 20. Rd6 Qe7 21. Bc4 Ne6
22. Nxe6 fxe6 23. Rxe6 Qxe6 24. Bxe6+ Rxe6 25. Qd5 1-0

[Event "Chess24 Banter Blitz Cup"]
[Site "chess24.com INT"]
[Date "2019.10.14"]
[Round "1.23"]
[White "Moussard, Jules"]
[Black "Grigoryan, Karen H."]
[Result "0-1"]
[WhiteTitle "GM"]
[BlackTitle "GM"]
[WhiteElo "2608"]
[BlackElo "2608"]
[WhiteFideId "642908"]
[BlackFideId "13301004"]
[EventDate "2019.09.25"]
[EventType "blitz"]

1. b3 a5 2. Bb2 a4 3. bxa4 e6 4. c4 Nf6 5. Nc3 Bb4 6. Nf3 O-O 7. e3 d5 8. cxd5
exd5 9. d4 c5 10. Bd3 Ne4 11. Rc1 Qa5 12. Qc2 cxd4 13. Nxd4 Nc6 14. Nxc6 bxc6
15. Bxe4 dxe4 16. O-O Bf5 17. a3 Bd6 18. Rfd1 Bb8 19. Ne2 Bg4 20. h3 Qh5 21. Rd2
Bf3 22. Nf4 Bxf4 23. exf4 Qg6 24. g3 Ra5 25. Qc3 Rh5 26. Rd6 Rxh3 0-1

[Event "Chess24 Banter Blitz Cup"]
[Site "chess24.com INT"]
[Date "2019.10.14"]
[Round "1.24"]
[White "Grigoryan, Karen H."]
[Black "Moussard, Jules"]
[Result "0-1"]
[WhiteTitle "GM"]
[BlackTitle "GM"]
[WhiteElo "2608"]
[BlackElo "2608"]
[WhiteFideId "13301004"]
[BlackFideId "642908"]
[EventDate "2019.09.25"]
[EventType "blitz"]

1. b4 e5 2. Bb2 d6 3. g3 g6 4. Bg2 Bg7 5. Nf3 f5 6. O-O Nf6 7. d3 O-O 8. c4 c6
9. Nc3 Be6 10. b5 Nbd7 11. bxc6 bxc6 12. Ng5 Bf7 13. Nxf7 Rxf7 14. Bxc6 Rc8 15.
Rb1 Rxc6 16. Qa4 Rc8 17. Nb5 Nc5 18. Qa3 a6 19. Nc3 f4 20. Bc1 g5 21. Bd2 g4 22.
Na4 f3 23. e3 Rd7 24. Nb6 Rdc7 25. Nxc8 Rxc8 26. Bb4 Nfd7 27. Rfd1 Qe8 28. d4
exd4 29. exd4 Ne4 30. Re1 Ndf6 31. Qd3 Qg6 32. Bd2 Nxf2 33. Qxg6 Nh3+ 34. Kf1
hxg6 35. Rb6 Rxc4 36. Rxd6 Rc2 37. Be3 Ne4 38. Rxg6 Rf2+ 39. Bxf2 Nd2# 0-1

[Event "Chess24 Banter Blitz Cup"]
[Site "chess24.com INT"]
[Date "2019.10.14"]
[Round "1.25"]
[White "Moussard, Jules"]
[Black "Grigoryan, Karen H."]
[Result "1-0"]
[WhiteTitle "GM"]
[BlackTitle "GM"]
[WhiteElo "2608"]
[BlackElo "2608"]
[WhiteFideId "642908"]
[BlackFideId "13301004"]
[EventDate "2019.09.25"]
[EventType "blitz"]

1. e4 g6 2. d4 Bg7 3. Nc3 d6 4. f4 a6 5. Nf3 b5 6. Bd3 Bb7 7. e5 Nd7 8. Be4 Bxe4
9. Nxe4 Nh6 10. Qe2 Nb6 11. e6 O-O 12. O-O f6 13. c3 Qc8 14. Ng3 c5 15. dxc5
dxc5 16. Be3 Qxe6 17. Bxc5 Qxe2 18. Nxe2 Nd5 19. Rad1 Rfd8 20. Rd3 e6 21. Rfd1
Nf7 22. Nfd4 Re8 23. Kf2 Nc7 24. Nc6 e5 25. Rd7 Ne6 26. Be3 Nh6 27. h3 Nf5 28.
Bc1 e4 29. g4 Nh6 30. f5 gxf5 31. Bxh6 Bxh6 32. gxf5 Ng7 33. Ne7+ Kh8 34. Nd5
Nxf5 35. Nxf6 Re7 36. Rxe7 Nxe7 37. Rd7 Rf8 38. Rxe7 Rxf6+ 39. Kg3 e3 40. Nd4
Bf4+ 41. Kg4 Bd6 42. Re8+ Kg7 43. Rxe3 Rg6+ 44. Kf3 Rf6+ 45. Ke2 Rf4 46. Ne6+
Kf6 47. Nxf4 Bxf4 48. Rf3 Ke5 49. Rxf4 Kxf4 50. b3 1-0

[Event "Chess24 Banter Blitz Cup"]
[Site "chess24.com INT"]
[Date "2019.10.14"]
[Round "1.26"]
[White "Grigoryan, Karen H."]
[Black "Moussard, Jules"]
[Result "1-0"]
[WhiteTitle "GM"]
[BlackTitle "GM"]
[WhiteElo "2608"]
[BlackElo "2608"]
[WhiteFideId "13301004"]
[BlackFideId "642908"]
[EventDate "2019.09.25"]
[EventType "blitz"]

1. e4 c5 2. Nc3 d6 3. Nf3 Nc6 4. d4 cxd4 5. Nxd4 e6 6. Be2 Nf6 7. O-O Be7 8. Be3
O-O 9. Nb3 a6 10. f4 b5 11. Bf3 Bb7 12. g4 Rc8 13. g5 Nd7 14. Bg2 Re8 15. Qh5
Bf8 16. Rf3 g6 17. Qh4 b4 18. Ne2 h5 19. Qf2 a5 20. Nd2 a4 21. Rh3 Na5 22. Nd4
e5 23. fxe5 Nxe5 24. Rf1 Ng4 25. Qxf7+ Kh8 26. Qxg6 1-0

[Event "Chess24 Banter Blitz Cup"]
[Site "chess24.com INT"]
[Date "2019.10.14"]
[Round "1.27"]
[White "Moussard, Jules"]
[Black "Grigoryan, Karen H."]
[Result "1-0"]
[WhiteTitle "GM"]
[BlackTitle "GM"]
[WhiteElo "2608"]
[BlackElo "2608"]
[WhiteFideId "642908"]
[BlackFideId "13301004"]
[EventDate "2019.09.25"]
[EventType "blitz"]

1. d4 Nf6 2. Nf3 e6 3. e3 c5 4. Be2 b6 5. O-O Bb7 6. c4 Be7 7. Nc3 cxd4 8. exd4
d5 9. Re1 O-O 10. Bg5 dxc4 11. Bxc4 Nbd7 12. Rc1 Rc8 13. Bb3 Nh5 14. Bxe7 Qxe7
15. d5 Nc5 16. dxe6 fxe6 17. Bd5 Nf4 18. Bxb7 Qxb7 19. Re3 Rf6 20. Ne2 Nd5 21.
Ra3 Rcf8 22. Ng3 Nf4 23. Rcc3 h5 24. h4 Ne4 25. Re3 Nxg3 26. fxg3 Nd5 27. Re5
Nb4 28. Rae3 Qe7 29. Qe1 Re8 30. Qe2 Nc6 31. Rxh5 Qd6 32. Rg5 e5 33. Kh2 e4 34.
Nd2 Ne5 35. Nxe4 Qe7 36. Nxf6+ Qxf6 37. Rexe5 Rxe5 38. Qxe5 Qf7 39. Qxg7+ Qxg7
40. Rxg7+ Kxg7 41. g4 a5 42. g5 a4 43. Kg3 a3 44. bxa3 b5 45. Kg4 b4 46. axb4
Kg6 47. h5+ Kg7 48. b5 Kf7 49. b6 Ke6 50. b7 Kd5 51. b8=Q Kd4 52. Qf4+ Kd3 53.
g6 Kc2 54. g7 Kb1 55. g8=Q 1-0

[Event "Chess24 Banter Blitz Cup"]
[Site "chess24.com INT"]
[Date "2019.10.14"]
[Round "1.28"]
[White "Grigoryan, Karen H."]
[Black "Moussard, Jules"]
[Result "0-1"]
[WhiteTitle "GM"]
[BlackTitle "GM"]
[WhiteElo "2608"]
[BlackElo "2608"]
[WhiteFideId "13301004"]
[BlackFideId "642908"]
[EventDate "2019.09.25"]
[EventType "blitz"]

1. e4 g6 2. Nc3 Bg7 3. h4 h5 4. d4 d6 5. Bc4 a6 6. Qf3 e6 7. Bg5 Ne7 8. O-O-O b5
9. Bb3 Nbc6 10. Nge2 Na5 11. e5 Nxb3+ 12. axb3 d5 13. Bf6 Rg8 14. Bxg7 Rxg7 15.
g4 hxg4 16. Qxg4 Nf5 17. Ng3 Qe7 18. Nce2 Bd7 19. Nxf5 exf5 20. Qg3 O-O-O 21.
Nf4 Bc6 22. Nd3 Kb7 23. Nc5+ Kb6 24. Qc3 Ra8 25. b4 g5 26. Qa3 Bb7 27. Qa5+ Kc6
28. hxg5 Qxg5+ 29. Kb1 Qf4 30. b3 Qxf2 31. Rh6+ Rg6 32. Rh7 Rg2 33. Rc1 Qxd4 34.
Rxf7 Qxe5 35. Nd3 Qd6 36. Qa1 Bc8 37. Qc3+ Kb7 38. Nc5+ Kb6 39. Qe3 d4 40. Qe8
Bb7 41. Qe2 Rxe2 42. Rd1 a5 43. bxa5+ Kxc5 44. Rxf5+ Kb4 45. Rxd4+ Qxd4 0-1

[Event "Chess24 Banter Blitz Cup"]
[Site "chess24.com INT"]
[Date "2019.10.15"]
[Round "1.1"]
[White "Van Foreest, Lucas"]
[Black "Edouard, Romain"]
[Result "0-1"]
[WhiteTitle "GM"]
[BlackTitle "GM"]
[WhiteElo "2531"]
[BlackElo "2641"]
[WhiteFideId "1039792"]
[BlackFideId "633429"]
[EventDate "2019.09.25"]
[EventType "blitz"]

1. e4 c5 2. Nf3 d6 3. d4 cxd4 4. Nxd4 Nf6 5. Nc3 Nc6 6. Nd5 e6 7. Nxf6+ Qxf6 8.
Nb5 Qd8 9. c4 Be7 10. Be2 O-O 11. O-O a6 12. Nc3 b6 13. Be3 Bb7 14. Na4 b5 15.
cxb5 axb5 16. Bxb5 Ne5 17. Bb6 Qb8 18. Qe2 Ng6 19. Rac1 Bg5 20. Bc7 Qa7 21. Bb6
Qb8 22. Rc2 Nf4 23. Qf3 f5 24. Bc7 Bxe4 25. Bxb8 Bxf3 26. Bxd6 Nxg2 27. Bxf8
Kxf8 28. Nb6 Rxa2 29. Nd7+ Ke7 30. Ne5 Be4 31. Rc7+ Kd6 32. Rxg7 Kxe5 33. Rxg5
Rxb2 34. Bc4 Nh4 35. Rg3 Nf3+ 36. Rxf3 Bxf3 37. Re1+ Kf4 38. Bxe6 Rb6 39. h4 Be4
40. Bc4 Rg6+ 41. Kf1 Rh6 42. Re3 Rxh4 43. Rg3 Bf3 44. Be6 h5 45. Rg1 Rh2 46. Ke1
h4 47. Rg7 h3 48. Rf7 Bg4 49. f3 Bxf3 50. Bxf5 Ke3 51. Re7+ Kf4 52. Rf7 Re2+ 53.
Kf1 h2 54. Bd3+ Ke3 55. Rxf3+ Kxf3 56. Bxe2+ Kg3 57. Bf3 Kxf3 0-1

[Event "Chess24 Banter Blitz Cup"]
[Site "chess24.com INT"]
[Date "2019.10.15"]
[Round "1.2"]
[White "Edouard, Romain"]
[Black "Van Foreest, Lucas"]
[Result "1/2-1/2"]
[WhiteTitle "GM"]
[BlackTitle "GM"]
[WhiteElo "2641"]
[BlackElo "2531"]
[WhiteFideId "633429"]
[BlackFideId "1039792"]
[EventDate "2019.09.25"]
[EventType "blitz"]

1. e4 e5 2. Nc3 Bc5 3. Nf3 d6 4. Bc4 Nf6 5. d3 O-O 6. Bg5 h6 7. Bh4 c6 8. a3 b5
9. Ba2 a5 10. h3 Be6 11. Bxe6 fxe6 12. O-O g5 13. Bg3 Nh5 14. Bh2 Nf4 15. d4
exd4 16. Nxd4 Qf6 17. Nde2 Nxh3+ 18. gxh3 Bxf2+ 19. Rxf2 Qxf2+ 20. Kh1 Qf3+ 21.
Kg1 Qe3+ 22. Kh1 Qf3+ 23. Kg1 Qf2+ 24. Kh1 Qf3+ 1/2-1/2

[Event "Chess24 Banter Blitz Cup"]
[Site "chess24.com INT"]
[Date "2019.10.15"]
[Round "1.3"]
[White "Van Foreest, Lucas"]
[Black "Edouard, Romain"]
[Result "1/2-1/2"]
[WhiteTitle "GM"]
[BlackTitle "GM"]
[WhiteElo "2531"]
[BlackElo "2641"]
[WhiteFideId "1039792"]
[BlackFideId "633429"]
[EventDate "2019.09.25"]
[EventType "blitz"]

1. e4 c5 2. Nf3 d6 3. d4 cxd4 4. Nxd4 Nf6 5. Nc3 Nc6 6. Nd5 e6 7. Nxf6+ Qxf6 8.
Nb5 Qd8 9. c4 Be7 10. Be2 O-O 11. O-O a6 12. Nc3 b6 13. Be3 Nb8 14. Qd2 Nd7 15.
Bf4 Ne5 16. b3 Bb7 17. Rac1 Rc8 18. Rfd1 Qc7 19. Be3 Bc6 20. Nd5 Bxd5 21. cxd5
Qb7 22. f4 Nd7 23. dxe6 fxe6 24. Rxc8 Rxc8 25. e5 d5 26. Bg4 Nf8 27. f5 exf5 28.
Bxf5 Rd8 29. Kh1 Bc5 30. Bg5 Be7 31. e6 h6 32. Be3 d4 33. Bf4 Qd5 34. Bd3 b5 35.
Re1 Nxe6 36. Bxh6 Bg5 37. Bxg5 Nxg5 38. Qf4 Nf7 39. Qh4 Nh6 40. h3 Rf8 41. Re7
Nf5 42. Bxf5 Rxf5 43. Qg3 Rf7 44. Re8+ Rf8 45. Re7 Rf7 46. Re8+ Kh7 47. Qh4+ Kg6
48. Qg4+ Kh7 49. Qh4+ Kg6 50. Qg4+ Kh7 51. Qh4+ 1/2-1/2

[Event "Chess24 Banter Blitz Cup"]
[Site "chess24.com INT"]
[Date "2019.10.15"]
[Round "1.4"]
[White "Edouard, Romain"]
[Black "Van Foreest, Lucas"]
[Result "1-0"]
[WhiteTitle "GM"]
[BlackTitle "GM"]
[WhiteElo "2641"]
[BlackElo "2531"]
[WhiteFideId "633429"]
[BlackFideId "1039792"]
[EventDate "2019.09.25"]
[EventType "blitz"]

1. d4 Nf6 2. c4 e6 3. Nc3 Bb4 4. Nf3 d5 5. e3 O-O 6. Bd2 b6 7. Bd3 dxc4 8. Bxc4
Bb7 9. O-O c5 10. a3 Bxc3 11. Bxc3 Nbd7 12. Be2 Qe7 13. Qa4 Rfc8 14. Rac1 Bc6
15. Qd1 Bb7 16. Nd2 cxd4 17. Bxd4 Nc5 18. b4 Nce4 19. Nxe4 Nxe4 20. f3 Nd6 21.
e4 Bc6 22. Ba1 Bb5 23. Bxb5 Nxb5 24. Qd3 Nd6 25. Rfd1 Rxc1 26. Rxc1 Rc8 27.
Rxc8+ Nxc8 28. Qc3 Qf8 29. Qc7 Ne7 30. Qxa7 Qd8 31. h3 h5 32. Be5 Ng6 33. Qb8
Qxb8 34. Bxb8 b5 35. Kf2 Kf8 36. Ke3 e5 37. Kd3 Ke7 38. g3 Kd7 39. h4 f6 40. Ba7
Kc6 41. Bc5 Nh8 42. Bf8 g6 43. Bg7 Nf7 44. Bxf6 Kd6 45. f4 Ke6 46. Bxe5 1-0

[Event "Chess24 Banter Blitz Cup"]
[Site "chess24.com INT"]
[Date "2019.10.15"]
[Round "1.5"]
[White "Van Foreest, Lucas"]
[Black "Edouard, Romain"]
[Result "0-1"]
[WhiteTitle "GM"]
[BlackTitle "GM"]
[WhiteElo "2531"]
[BlackElo "2641"]
[WhiteFideId "1039792"]
[BlackFideId "633429"]
[EventDate "2019.09.25"]
[EventType "blitz"]

1. e4 e6 2. Nf3 d5 3. e5 c5 4. b4 Nc6 5. bxc5 Bxc5 6. d4 Bb6 7. c3 Nge7 8. Bd3
Bd7 9. O-O Ng6 10. g3 O-O 11. h3 f6 12. exf6 Qxf6 13. Kg2 e5 14. dxe5 Ngxe5 15.
Nxe5 Nxe5 16. Be2 Bc6 17. Kh2 Qxf2+ 18. Rxf2 Rxf2+ 19. Kh1 d4+ 20. Kg1 d3 21.
Qb3+ Rf7+ 22. Kh2 dxe2 0-1

[Event "Chess24 Banter Blitz Cup"]
[Site "chess24.com INT"]
[Date "2019.10.15"]
[Round "1.6"]
[White "Edouard, Romain"]
[Black "Van Foreest, Lucas"]
[Result "1-0"]
[WhiteTitle "GM"]
[BlackTitle "GM"]
[WhiteElo "2641"]
[BlackElo "2531"]
[WhiteFideId "633429"]
[BlackFideId "1039792"]
[EventDate "2019.09.25"]
[EventType "blitz"]

1. d4 Nf6 2. c4 e6 3. Nc3 Bb4 4. Nf3 d5 5. a3 Bxc3+ 6. bxc3 dxc4 7. Nd2 b5 8. a4
c6 9. e4 a6 10. Be2 O-O 11. O-O Bb7 12. e5 Nd5 13. Ne4 Nd7 14. Qc2 c5 15. Ng5 g6
16. Ne4 cxd4 17. cxd4 Nb4 18. Qb1 Nd3 19. Bg5 f6 20. Nxf6+ Nxf6 21. Bxf6 Qxd4
22. axb5 Nf4 23. Bf3 Bxf3 24. gxf3 Qd5 25. Qe4 Qxe4 26. fxe4 axb5 27. Rab1 Rab8
28. f3 b4 29. Kf2 Rfc8 30. Ke3 Nd3 31. f4 b3 32. f5 exf5 33. exf5 Nc5 34. e6 Na4
35. Rf4 c3 36. Rxa4 c2 37. Rc1 b2 38. Bxb2 Rxb2 39. f6 Rb6 40. Re4 Kf8 41. e7+
Ke8 42. Rxc2 Rcb8 43. f7+ Kxf7 44. Rf2+ Kg7 45. e8=Q Rxe8 46. Rxe8 h5 47. h4 Rb4
48. Rf4 Rb3+ 49. Ke4 Rb7 50. Ke5 Rb5+ 51. Kd6 Rb6+ 52. Kc7 Ra6 53. Re7+ Kh6 54.
Rfe4 Ra7+ 55. Kd6 Ra6+ 56. Kd7 Ra7+ 57. Ke8 Ra8+ 58. Kf7 Ra6 59. Re8 Kh7 60.
R4e7 Rb6 61. Kf8+ Kh6 62. Kg8 Rf6 63. Rh7# 1-0